The National Asset Register 2007 (Record no. 106401)
[ view plain ]
| 000 -LEADER | |
|---|---|
| fixed length control field | 01136cam a2200205 4500 |
| 001 - CONTROL NUMBER | |
| control field | L136472 |
| 008 - FIXED-LENGTH DATA ELEMENTS--GENERAL INFORMATION | |
| fixed length control field | 070202n2007 000 0 eng u |
| 035 ## - SYSTEM CONTROL NUMBER | |
| System control number | (Sirsi) u136472 |
| 041 0# - LANGUAGE CODE | |
| Language code of text/sound track or separate title | eng |
| 110 2# - MAIN ENTRY--CORPORATE NAME | |
| Corporate name or jurisdiction name as entry element | United Kingdom |
| Subordinate unit | HM Treasury |
| 245 04 - TITLE STATEMENT | |
| Title | The National Asset Register 2007 |
| Medium | [electronic resource] |
| 260 ## - PUBLICATION, DISTRIBUTION, ETC. | |
| Date of publication, distribution, etc. | 2007 |
| 520 ## - SUMMARY, ETC. | |
| Summary, etc. | Provides a list of government assets, including those held by central government departments, executive agencies, executive non-departmental public bodies, NHS bodies and public corporations. Includes both tangible fixed assets (including military and heritage assets), intangible fixed assets (such as software licences) and fixed asset investments (such as share holdings) owned by departments. |
| 590 ## - LOCAL NOTE (RLIN) | |
| Local note | KA NTK |
| 650 24 - SUBJECT ADDED ENTRY--TOPICAL TERM | |
| Topical term or geographic name entry element | NATIONAL ASSET REGISTER |
| 651 #4 - SUBJECT ADDED ENTRY--GEOGRAPHIC NAME | |
| Geographic name | United Kingdom |
| Chronological subdivision | |
| 690 ## - LOCAL SUBJECT ADDED ENTRY--TOPICAL TERM (OCLC, RLIN) | |
| Topical term or geographic name as entry element | MANAGEMENT-BUSINESS MANAGEMENT-FINANCIAL MANAGEMENT-ACCOUNTING-FINANCIAL REPORTING |
| 856 40 - ELECTRONIC LOCATION AND ACCESS | |
| Uniform Resource Identifier | <a href="https://www.hm-treasury.gov.uk/documents/public_spending_and_services/national_asset_register/pss_nar_2007index.cfm">https://www.hm-treasury.gov.uk/documents/public_spending_and_services/national_asset_register/pss_nar_2007index.cfm</a> |
| Public note | View the item free of charge at www.hm-treasury.gov.uk... |
| 942 ## - ADDED ENTRY ELEMENTS (KOHA) | |
| Suppress in OPAC | 0 |
| Withdrawn status | Lost status | Source of classification or shelving scheme | Damaged status | Not for loan | Home library | Current library | Shelving location | Date acquired | Total Checkouts | Full call number | Barcode | Date last seen | Copy number | Price effective from | Koha item type |
|---|---|---|---|---|---|---|---|---|---|---|---|---|---|---|---|
| Dewey Decimal Classification | Virtual | Virtual | Online | 02/02/2007 | ONLINE PUBLICATION | 136472-1001 | 06/08/2019 | 1 | 06/08/2019 | Book |